[Event "Mitropa Online Cup Open 2021"]
[Site "Hybrid"]
[Date "2021.05.04"]
[Round "9.1"]
[White "Lagarde, Maxime"]
[Black "Prusikin, Michael"]
[Result "0-1"]
[WhiteElo "2638"]
[BlackElo "2547"]
[Annotator "ChessBase"]
[PlyCount "100"]
[EventDate "2021.05.04"]
[EventType "team-tourn"]
[EventCountry "NET"]
[SourceTitle "playchess.com"]
[Source "ChessBase"]
[SourceQuality "1"]
[WhiteTeam "France"]
[BlackTeam "Germany"]
[WhiteTeamCountry "FRA"]
[BlackTeamCountry "GER"]
[TimeControl "40/5400+30:1800+30"]

1. e4 {[%emt 0:00:08]} e5 {[%emt 0:00:03]} 2. Bc4 {[%emt 0:02:05]} Nf6 {[%emt 0:00:26]} 3. d3 {[%emt 0:00:16]} Nc6 {[%emt 0:00:14]} 4. Nc3 {[%emt 0:02:39]} Bb4 {[%emt 0:00:48]} 5. Nge2 {[%emt 0:01:06]} d5 {[%emt 0:00:10]} 6. exd5 {[%emt 0:00:28]} Nxd5 {[%emt 0:00:06]} 7. O-O {[%emt 0:01:24]} Be6 {[%emt 0:03:03]} 8. a3 {[%emt 0:19:19]} Bxc3 {[%emt 0:02:24]} 9. bxc3 {[%emt 0:00:32]} O-O {[%emt 0:01:29]} 10. Bb3 {[%emt 0:02:17]} Qh4 {[%emt 0:09:30]} 11. Qd2 {[%emt 0:02:05]} Rad8 {[%emt 0:12:16]} 12. c4 {[%emt 0:04:01]} Nde7 {[%emt 0:03:07]} 13. f4 {[%emt 0:01:44]} e4 {[%emt 0:02:35]} 14. Bb2 {[%emt 0:03:56]} Nf5 {[%emt 0:06:11]} 15. Rae1 {[%emt 0:06:42]} Qg4 {[%emt 0:19:40]} 16. Ng3 {[%emt 0:08:02]} Nxg3 {[%emt 0:01:42]} 17. hxg3 {[%emt 0:01:24]} exd3 {[%emt 0:05:59]} 18. cxd3 {[%emt 0:00:54]} Qxg3 {[%emt 0:00:37]} 19. Re3 {[%emt 0:02:58]} Qg6 {[%emt 0:01:03]} 20. Qf2 {[%emt 0:00:52]} Bg4 {[%emt 0:03:03]} 21. Rg3 {[%emt 0:08:22]} h5 {[%emt 0:00:11]} 22. f5 {[%emt 0:05:41]} Qg5 {[%emt 0:00:16]} 23. f6 {[%emt 0:05:45]} g6 {[%emt 0:00:05]} 24. Bc1 {[%emt 0:04:28]} Qh4 {[%emt 0:00:45]} 25. Be3 {[%emt 0:03:56]} Rfe8 {[%emt 0:04:22]} 26. Qf4 {[%emt 0:10:50]} g5 {[%emt 0:02:16]} 27. Qf2 {[%emt 0:00:07]} Nd4 {[%emt 0:04:12]} 28. Bd1 {[%emt 0:01:23]} Nf5 {[%emt 0:01:21]} 29. Rxg4 {[%emt 0:00:33]} Qxf2+ {[%emt 0:01:44]} 30. Rxf2 {[%emt 0:00:32]} hxg4 {[%emt 0:00:13]} 31. Rxf5 {[%emt 0:00:08]} Rxe3 {[%emt 0:00:32]} 32. Rxg5+ {[%emt 0:00:13]} Kh7 {[%emt 0:02:42]} 33. Bxg4 {[%emt 0:00:09]} Kh6 {[%emt 0:03:11]} 34. Rg7 {[%emt 0:00:48]} Rg3 {[%emt 0:00:39]} 35. Kh2 {[%emt 0:00:36]} Rdxd3 {[%emt 0:01:03]} 36. a4 {[%emt 0:00:10]} b6 {[%emt 0:00:59]} 37. Rg8 {[%emt 0:00:35]} a5 {[%emt 0:03:58]} 38. Rg7 {[%emt 0:00:24]} c5 {[%emt 0:00:49]} 39. Rg8 {[%emt 0:00:43]} Rge3 {[%emt 0:00:49]} 40. Rg7 {[%emt 0:00:00]} Rd6 {[%emt 0:00:00]} 41. Rxf7 {[%emt 0:01:44]} Kg6 {[%emt 0:02:36]} 42. Re7 {[%emt 0:00:28]} Rxe7 {[%emt 0:00:35]} 43. fxe7 {[%emt 0:00:10]} Kf7 {[%emt 0:00:05]} 44. Bc8 {[%emt 0:00:16]} Kxe7 {[%emt 0:00:24]} 45. Ba6 {[%emt 0:00:12]} Kf6 {[%emt 0:00:15]} 46. Kh3 {[%emt 0:00:30]} Kg5 {[%emt 0:00:21]} 47. g3 {[%emt 0:00:18]} Rd2 {[%emt 0:00:29]} 48. Bb5 {[%emt 0:00:24]} Rc2 {[%emt 0:00:39]} 49. Ba6 {[%emt 0:00:11]} Rb2 {[%emt 0:00:04]} 50. Bb5 {[%emt 0:00:09]} Rxb5 {[%emt 0:00:19]} 0-1

[Event "Mitropa Online Cup Open 2021"]
[Site "Hybrid"]
[Date "2021.05.04"]
[Round "9.1"]
[White "Parvanyan, Ashot"]
[Black "Sochacki, Christophe"]
[Result "1/2-1/2"]
[WhiteElo "2436"]
[BlackElo "2477"]
[Annotator "ChessBase"]
[PlyCount "62"]
[EventDate "2021.05.04"]
[EventType "team-tourn"]
[EventCountry "NET"]
[SourceTitle "playchess.com"]
[Source "ChessBase"]
[SourceQuality "1"]
[WhiteTeam "Germany"]
[BlackTeam "France"]
[WhiteTeamCountry "GER"]
[BlackTeamCountry "FRA"]
[TimeControl "40/5400+30:1800+30"]

1. Nf3 {[%emt 0:00:00]} f5 {[%emt 0:00:18]} 2. d3 {[%emt 0:00:58]} d6 {[%emt 0:00:29]} 3. e4 {[%emt 0:01:58]} e5 {[%emt 0:00:11]} 4. Nc3 {[%emt 0:01:41]} Nc6 {[%emt 0:00:41]} 5. exf5 {[%emt 0:01:03]} Nge7 {[%emt 0:00:49]} 6. d4 {[%emt 0:17:43]} exd4 {[%emt 0:00:32]} 7. Nxd4 {[%emt 0:00:08]} Nxd4 {[%emt 0:00:10]} 8. Qxd4 {[%emt 0:00:06]} Nxf5 {[%emt 0:00:10]} 9. Qe4+ {[%emt 0:01:41]} Qe7 {[%emt 0:00:39]} 10. Bd3 {[%emt 0:00:18]} Qxe4+ {[%emt 0:00:16]} 11. Bxe4 {[%emt 0:02:38]} c6 {[%emt 0:00:45]} 12. O-O {[%emt 0:06:50]} d5 {[%emt 0:15:13]} 13. Bd3 {[%emt 0:00:21]} Bd6 {[%emt 0:02:53]} 14. Re1+ {[%emt 0:04:12]} Kf7 {[%emt 0:01:53]} 15. Ne2 {[%emt 0:02:33]} Re8 {[%emt 0:01:50]} 16. Bd2 {[%emt 0:01:09]} g6 {[%emt 0:10:44]} 17. b3 {[%emt 0:05:52]} Ng7 {[%emt 0:06:13]} 18. c4 {[%emt 0:10:33]} dxc4 {[%emt 0:01:11]} 19. Bxc4+ {[%emt 0:00:16]} Be6 {[%emt 0:00:08]} 20. Bxe6+ {[%emt 0:00:40]} Rxe6 {[%emt 0:07:46]} 21. Nd4 {[%emt 0:03:38]} Rxe1+ {[%emt 0:00:50]} 22. Rxe1 {[%emt 0:00:08]} Re8 {[%emt 0:02:03]} 23. Rxe8 {[%emt 0:02:30]} Nxe8 {[%emt 0:00:41]} 24. Kf1 {[%emt 0:01:23]} Nc7 {[%emt 0:02:15]} 25. Ke2 {[%emt 0:07:37]} Ne6 {[%emt 0:02:40]} 26. Nf3 {[%emt 0:05:22]} Kf6 {[%emt 0:07:17]} 27. g3 {[%emt 0:05:10]} Bc5 {[%emt 0:06:37]} 28. Be3 {[%emt 0:01:55]} Kf5 {[%emt 0:01:09]} 29. h3 {[%emt 0:03:45]} h5 {[%emt 0:12:10]} 30. Bxc5 {[%emt 0:05:08]} Nxc5 {[%emt 0:00:13]} 31. Ke3 {[%emt 0:00:02]} a5 {[%emt 0:04:35]} 1/2-1/2

[Event "Mitropa Online Cup Open 2021"]
[Site "Hybrid"]
[Date "2021.05.04"]
[Round "9.1"]
[White "Travadon, Loic"]
[Black "Koellner, Ruben Gideon"]
[Result "1-0"]
[WhiteElo "2404"]
[BlackElo "2412"]
[Annotator "NA"]
[PlyCount "177"]
[EventDate "2021.05.04"]
[EventType "team-tourn"]
[EventCountry "NET"]
[SourceTitle "playchess.com"]
[Source "ChessBase"]
[SourceQuality "1"]
[WhiteTeam "France"]
[BlackTeam "Germany"]
[WhiteTeamCountry "FRA"]
[BlackTeamCountry "GER"]
[TimeControl "40/5400+30:1800+30"]

1. e4 {[%emt 0:00:00]} d6 {[%emt 0:00:09]} 2. d4 {[%emt 0:00:07]} Nf6 {[%emt 0:00:02]} 3. f3 {[%emt 0:00:07]} c5 {[%emt 0:00:23]} 4. Ne2 {[%emt 0:00:10]} g6 {[%emt 0:02:53]} 5. c4 {[%emt 0:00:19]} Bg7 {[%emt 0:01:10]} 6. Nbc3 {[%emt 0:00:08]} O-O {[%emt 0:05:07]} 7. d5 {[%emt 0:00:33]} e6 {[%emt 0:00:43]} 8. Ng3 {[%emt 0:00:14]} exd5 {[%emt 0:00:40]} 9. cxd5 {[%emt 0:00:07]} a6 {[%emt 0:00:32]} 10. a4 {[%emt 0:00:06]} Nbd7 {[%emt 0:01:05]} 11. Be2 {[%emt 0:01:00]} Re8 {[%emt 0:01:00]} 12. O-O {[%emt 0:00:36]} Rb8 {[%emt 0:02:49]} 13. Bf4 {[%emt 0:03:44]} Ne5 {[%emt 0:01:20]} 14. Qd2 {[%emt 0:00:57]} Bd7 {[%emt 0:02:45]} 15. Bg5 {[%emt 0:14:10]} Qb6 {[%emt 0:16:56]} 16. Bxf6 {[%emt 0:03:57]} Bxf6 {[%emt 0:00:50]} 17. f4 {[%emt 0:00:05]} c4+ {[%emt 0:04:42]} 18. Kh1 {[%emt 0:00:10]} Nd3 {[%emt 0:00:17]} 19. Bxd3 {[%emt 0:00:13]} cxd3 {[%emt 0:00:48]} 20. Qxd3 {[%emt 0:01:09]} Rbc8 {[%emt 0:03:50]} 21. e5 {[%emt 0:04:42]} dxe5 {[%emt 0:05:22]} 22. f5 {[%emt 0:00:31]} Bg7 {[%emt 0:13:49]} 23. Nce4 {[%emt 0:00:22]} Red8 {[%emt 0:06:27]} 24. Qf3 {[%emt 0:02:57]} gxf5 {[%emt 0:04:03]} 25. Nxf5 {[%emt 0:00:08]} Bxf5 {[%emt 0:00:05]} 26. Qxf5 {[%emt 0:00:05]} Qg6 {[%emt 0:00:04]} 27. Qf3 {[%emt 0:01:30]} f5 {[%emt 0:05:25]} 28. Ng3 {[%emt 0:00:14]} f4 {[%emt 0:00:47]} 29. Ne4 {[%emt 0:00:13]} Rc4 {[%emt 0:02:35]} 30. Rfe1 {[%emt 0:00:12]} Rd4 {[%emt 0:01:16]} 31. Nc3 {[%emt 0:02:47]} Rd3 {[%emt 0:02:42]} 32. Qf2 {[%emt 0:02:29]} Qf5 {[%emt 0:00:39]} 33. Qb6 {[%emt 0:01:00]} Rd7 {[%emt 0:01:26]} 34. Rad1 {[%emt 0:01:52]} Rxd1 {[%emt 0:04:06]} 35. Rxd1 {[%emt 0:00:18]} e4 {[%emt 0:01:04]} 36. Qc5 {[%emt 0:04:47]} f3 {[%emt 0:01:43]} 37. Qc8+ {[%emt 0:00:09]} Kf7 {[%emt 0:04:34]} 38. Rf1 {[%emt 0:03:06]} Bxc3 {[%emt 0:01:44]} 39. Qxc3 {[%emt 0:00:16]} Qxd5 {[%emt 0:01:50]} 40. gxf3 {[%emt 0:00:00]} Qd3 {[%emt 0:00:00]} 41. Qe1 {[%emt 0:04:15]} e3 {[%emt 0:04:38]} 42. Rg1 {[%emt 0:00:23]} e2 {[%emt 0:04:13]} 43. Qg3 {[%emt 0:00:38]} Qd1 {[%emt 0:01:58]} 44. Qg8+ {[%emt 0:02:34]} Kf6 {[%emt 0:07:40]} 45. Qg5+ {[%emt 0:01:19]} Ke6 {[%emt 0:00:57]} 46. Qe3+ {[%emt 0:00:13]} Kd6 {[%emt 0:03:46]} 47. h4 {[%emt 0:01:54]} Re7 {[%emt 0:01:39]} 48. Qb6+ {[%emt 0:00:13]} Kd7 {[%emt 0:04:03]} 49. Qxb7+ {[%emt 0:00:17]} Ke6 {[%emt 0:01:40]} 50. Qe4+ {[%emt 0:01:00]} Kd7 {[%emt 0:00:48]} 51. Qb7+ {[%emt 0:01:00]} Ke6 {[%emt 0:00:14]} 52. Qb4 {[%emt 0:02:38]} Kd7 {[%emt 0:03:29]} 53. Re1 {[%emt 0:00:19]} Qd3 {[%emt 0:01:58]} 54. Qg4+ {[%emt 0:00:31]} Kd8 {[%emt 0:00:32]} 55. Kh2 {[%emt 0:02:33]} Qd2 {[%emt 0:00:39]} 56. Qg8+ {[%emt 0:00:27]} Kd7 {[%emt 0:00:15]} 57. Qg4+ {[%emt 0:01:03]} Kd8 {[%emt 0:00:55]} 58. Qg3 {[%emt 0:00:39]} Kc8 {[%emt 0:00:25]} 59. Kh3 {[%emt 0:02:37]} h5 {[%emt 0:00:44]} 60. Qg1 {[%emt 0:01:37]} Kb7 {[%emt 0:00:34]} 61. b4 {[%emt 0:00:19]} Qd7+ {[%emt 0:00:53]} 62. Kh2 {[%emt 0:00:09]} Qc7+ {[%emt 0:00:22]} 63. Kh1 {[%emt 0:00:22]} Qf4 {[%emt 0:00:31]} 64. Qf2 {[%emt 0:00:52]} Qf5 {[%emt 0:00:39]} 65. Qg2 {[%emt 0:00:41]} Qf4 {[%emt 0:00:29]} 66. Qf2 {[%emt 0:00:50]} Qf5 {[%emt 0:00:04]} 67. Qg3 {[%emt 0:00:11]} Re3 {[%emt 0:00:50]} 68. Kg2 {[%emt 0:00:26]} Re7 {[%emt 0:00:32]} 69. Qg5 {[%emt 0:00:51]} Qe6 {[%emt 0:00:29]} 70. Qxh5 {[%emt 0:00:33]} Rg7+ {[%emt 0:00:47]} 71. Kf2 {[%emt 0:00:10]} Qb6+ {[%emt 0:00:29]} 72. Qc5 {[%emt 0:00:09]} Qf6 {[%emt 0:00:03]} 73. Qd5+ {[%emt 0:00:19]} Ka7 {[%emt 0:00:08]} 74. Qe4 {[%emt 0:00:39]} Qb6+ {[%emt 0:00:24]} 75. Kxe2 {[%emt 0:00:07]} Qd6 {[%emt 0:00:57]} 76. Kf1 {[%emt 0:00:54]} Qg3 {[%emt 0:00:38]} 77. Qd4+ {[%emt 0:00:09]} Kb7 {[%emt 0:00:06]} 78. Qd5+ {[%emt 0:00:08]} Ka7 {[%emt 0:00:05]} 79. Qc5+ {[%emt 0:00:06]} Kb7 {[%emt 0:00:26]} 80. Re7+ {[%emt 0:00:08]} Rxe7 {[%emt 0:00:04]} 81. Qxe7+ {[%emt 0:00:10]} Kc6 {[%emt 0:00:02]} 82. Qe4+ {[%emt 0:00:10]} Kd6 {[%emt 0:00:04]} 83. Qd4+ {[%emt 0:00:40]} Kc6 {[%emt 0:00:07]} 84. Qg4 {[%emt 0:00:31]} Qh2 {[%emt 0:00:22]} 85. h5 {[%emt 0:00:20]} Kd5 {[%emt 0:00:24]} 86. Qe4+ {[%emt 0:00:52]} Kd6 {[%emt 0:00:05]} 87. Qg6+ {[%emt 0:00:47]} Ke5 {[%emt 0:00:06]} 88. Qg5+ {[%emt 0:00:40]} Kd4 {[%emt 0:00:11]} 89. Qg1+ {[%emt 0:00:11]} 1-0

[Event "Mitropa Online Cup Open 2021"]
[Site "Hybrid"]
[Date "2021.05.04"]
[Round "9.1"]
[White "Krastev, Alexander"]
[Black "Razafindratsima, Timothe"]
[Result "0-1"]
[WhiteElo "2340"]
[BlackElo "2341"]
[Annotator "NA"]
[PlyCount "80"]
[EventDate "2021.05.04"]
[EventType "team-tourn"]
[EventCountry "NET"]
[SourceTitle "playchess.com"]
[Source "ChessBase"]
[SourceQuality "1"]
[WhiteTeam "Germany"]
[BlackTeam "France"]
[WhiteTeamCountry "GER"]
[BlackTeamCountry "FRA"]
[TimeControl "40/5400+30:1800+30"]

1. e4 {[%emt 0:00:00]} e5 {[%emt 0:00:09]} 2. Bc4 {[%emt 0:01:05]} Nf6 {[%emt 0:00:13]} 3. Nc3 {[%emt 0:00:06]} Bb4 {[%emt 0:00:18]} 4. a3 {[%emt 0:06:47]} Bxc3 {[%emt 0:04:28]} 5. dxc3 {[%emt 0:00:17]} d6 {[%emt 0:01:03]} 6. Ne2 {[%emt 0:03:31]} O-O {[%emt 0:01:24]} 7. Ng3 {[%emt 0:00:40]} c6 {[%emt 0:00:35]} 8. Qe2 {[%emt 0:10:25]} d5 {[%emt 0:07:28]} 9. Ba2 {[%emt 0:01:06]} Bg4 {[%emt 0:00:05]} 10. f3 {[%emt 0:02:26]} Be6 {[%emt 0:00:04]} 11. Bg5 {[%emt 0:09:52]} Nbd7 {[%emt 0:24:48]} 12. O-O-O {[%emt 0:09:14]} Qc7 {[%emt 0:01:01]} 13. Kb1 {[%emt 0:07:39]} h6 {[%emt 0:08:02]} 14. Bc1 {[%emt 0:07:12]} Rfe8 {[%emt 0:01:03]} 15. Nf5 {[%emt 0:07:03]} Bxf5 {[%emt 0:02:03]} 16. exf5 {[%emt 0:00:06]} e4 {[%emt 0:00:27]} 17. f4 {[%emt 0:01:25]} e3 {[%emt 0:13:00]} 18. Qf3 {[%emt 0:03:53]} Re4 {[%emt 0:01:43]} 19. Bxe3 {[%emt 0:01:13]} Rae8 {[%emt 0:00:04]} 20. Bc1 {[%emt 0:00:57]} h5 {[%emt 0:02:38]} 21. g3 {[%emt 0:04:30]} Qb6 {[%emt 0:03:52]} 22. Rhg1 {[%emt 0:07:12]} Re2 {[%emt 0:03:04]} 23. Rg2 {[%emt 0:00:42]} Rxg2 {[%emt 0:03:19]} 24. Qxg2 {[%emt 0:00:05]} Qb5 {[%emt 0:00:24]} 25. Rd3 {[%emt 0:02:23]} Re1 {[%emt 0:03:19]} 26. Qd2 {[%emt 0:00:47]} Rg1 {[%emt 0:07:48]} 27. c4 {[%emt 0:05:34]} dxc4 {[%emt 0:00:04]} 28. Rxd7 {[%emt 0:00:13]} Nxd7 {[%emt 0:00:04]} 29. Qxd7 {[%emt 0:00:04]} Qd5 {[%emt 0:00:06]} 30. Qe8+ {[%emt 0:01:58]} Kh7 {[%emt 0:00:05]} 31. Qe2 {[%emt 0:00:03]} b5 {[%emt 0:00:24]} 32. b3 {[%emt 0:02:51]} c3 {[%emt 0:02:12]} 33. b4 {[%emt 0:00:06]} Rxc1+ {[%emt 0:00:21]} 34. Kxc1 {[%emt 0:00:11]} Qxa2 {[%emt 0:00:05]} 35. Qxh5+ {[%emt 0:01:03]} Kg8 {[%emt 0:00:04]} 36. Kd1 {[%emt 0:00:05]} Qb1+ {[%emt 0:00:12]} 37. Ke2 {[%emt 0:00:03]} Qxc2+ {[%emt 0:00:02]} 38. Kf1 {[%emt 0:00:09]} Qc1+ {[%emt 0:01:01]} 39. Kf2 {[%emt 0:00:05]} c2 {[%emt 0:00:45]} 40. Qe2 {[%emt 0:00:00]} Qb2 {[%emt 0:00:00]} 0-1

[Event "Mitropa Online Cup Open 2021"]
[Site "Hybrid"]
[Date "2021.05.04"]
[Round "9.2"]
[White "Dragnev, Valentin"]
[Black "Moroni, Luca Jr"]
[Result "1/2-1/2"]
[WhiteElo "2565"]
[BlackElo "2546"]
[Annotator "ChessBase"]
[PlyCount "60"]
[EventDate "2021.05.04"]
[EventType "team-tourn"]
[EventCountry "NET"]
[SourceTitle "playchess.com"]
[Source "ChessBase"]
[SourceQuality "1"]
[WhiteTeam "Austria"]
[BlackTeam "Italy"]
[WhiteTeamCountry "AUT"]
[BlackTeamCountry "ITA"]
[TimeControl "40/5400+30:1800+30"]

1. e4 {[%emt 0:00:00]} e5 {[%emt 0:00:03]} 2. Nf3 {[%emt 0:00:14]} Nc6 {[%emt 0:00:02]} 3. Bb5 {[%emt 0:00:11]} a6 {[%emt 0:00:03]} 4. Ba4 {[%emt 0:00:06]} Nf6 {[%emt 0:00:04]} 5. O-O {[%emt 0:00:09]} Nxe4 {[%emt 0:00:03]} 6. d4 {[%emt 0:00:27]} Be7 {[%emt 0:00:03]} 7. Re1 {[%emt 0:02:27]} b5 {[%emt 0:00:06]} 8. Rxe4 {[%emt 0:00:11]} d5 {[%emt 0:00:04]} 9. Nxe5 {[%emt 0:00:52]} Nxe5 {[%emt 0:00:04]} 10. Rxe5 {[%emt 0:00:05]} bxa4 {[%emt 0:00:02]} 11. Qe1 {[%emt 0:03:24]} f6 {[%emt 0:00:16]} 12. Re2 {[%emt 0:01:27]} Kf7 {[%emt 0:00:06]} 13. Nc3 {[%emt 0:15:01]} Bb4 {[%emt 0:00:05]} 14. Bd2 {[%emt 0:08:11]} Bxc3 {[%emt 0:00:34]} 15. Bxc3 {[%emt 0:00:13]} Bf5 {[%emt 0:00:06]} 16. Bb4 {[%emt 0:01:20]} Re8 {[%emt 0:00:04]} 17. Rxe8 {[%emt 0:01:09]} Qxe8 {[%emt 0:00:08]} 18. Qc3 {[%emt 0:00:15]} Qd7 {[%emt 0:00:27]} 19. Re1 {[%emt 0:01:39]} Re8 {[%emt 0:00:25]} 20. Rxe8 {[%emt 0:01:02]} Kxe8 {[%emt 0:00:06]} 21. f3 {[%emt 0:00:42]} h5 {[%emt 0:02:43]} 22. h4 {[%emt 0:04:35]} Kf7 {[%emt 0:01:43]} 23. Qc5 {[%emt 0:01:23]} Qd6 {[%emt 0:03:52]} 24. Qxd6 {[%emt 0:06:32]} cxd6 {[%emt 0:00:04]} 25. Bxd6 {[%emt 0:00:16]} Bxc2 {[%emt 0:00:03]} 26. a3 {[%emt 0:00:07]} Ke6 {[%emt 0:00:04]} 27. Bf8 {[%emt 0:00:07]} g6 {[%emt 0:00:03]} 28. Kf2 {[%emt 0:00:09]} Bd3 {[%emt 0:00:02]} 29. Ke3 {[%emt 0:00:09]} Bf1 {[%emt 0:00:02]} 30. g3 {[%emt 0:00:07]} Kf7 {[%emt 0:00:02]} 1/2-1/2

[Event "Mitropa Online Cup Open 2021"]
[Site "Hybrid"]
[Date "2021.05.04"]
[Round "9.2"]
[White "Basso, Pier Luigi"]
[Black "Froewis, Georg"]
[Result "0-1"]
[WhiteElo "2538"]
[BlackElo "2460"]
[Annotator "ChessBase"]
[PlyCount "56"]
[EventDate "2021.05.04"]
[EventType "team-tourn"]
[EventCountry "NET"]
[SourceTitle "playchess.com"]
[Source "ChessBase"]
[SourceQuality "1"]
[WhiteTeam "Italy"]
[BlackTeam "Austria"]
[WhiteTeamCountry "ITA"]
[BlackTeamCountry "AUT"]
[TimeControl "40/5400+30:1800+30"]

1. d4 {[%emt 0:00:00]} Nf6 {[%emt 0:00:06]} 2. c4 {[%emt 0:00:48]} e6 {[%emt 0:00:05]} 3. Nc3 {[%emt 0:03:29]} d5 {[%emt 0:00:04]} 4. Nf3 {[%emt 0:00:05]} c6 {[%emt 0:00:05]} 5. Bg5 {[%emt 0:01:36]} dxc4 {[%emt 0:00:05]} 6. e4 {[%emt 0:00:16]} b5 {[%emt 0:00:04]} 7. e5 {[%emt 0:00:50]} h6 {[%emt 0:00:05]} 8. Bh4 {[%emt 0:00:22]} g5 {[%emt 0:00:18]} 9. Nxg5 {[%emt 0:00:08]} hxg5 {[%emt 0:00:03]} 10. Bxg5 {[%emt 0:00:04]} Nbd7 {[%emt 0:00:03]} 11. g3 {[%emt 0:01:39]} Bb7 {[%emt 0:00:05]} 12. Bg2 {[%emt 0:00:08]} Qb6 {[%emt 0:00:05]} 13. exf6 {[%emt 0:00:09]} O-O-O {[%emt 0:00:04]} 14. O-O {[%emt 0:00:31]} c5 {[%emt 0:00:05]} 15. dxc5 {[%emt 0:00:55]} Nxc5 {[%emt 0:14:21]} 16. Qe2 {[%emt 0:00:37]} Bh6 {[%emt 0:02:56]} 17. Bxb7+ {[%emt 0:01:40]} Qxb7 {[%emt 0:01:01]} 18. Bxh6 {[%emt 0:11:41]} Rxh6 {[%emt 0:00:10]} 19. Qe3 {[%emt 0:01:08]} Rh5 {[%emt 0:00:44]} 20. Rfd1 {[%emt 0:01:47]} Nd3 {[%emt 0:02:39]} 21. Ne4 {[%emt 0:06:03]} Rhd5 {[%emt 0:11:31]} 22. b3 {[%emt 0:07:44]} c3 {[%emt 0:15:18]} 23. Nxc3 {[%emt 0:03:39]} Re5 {[%emt 0:00:13]} 24. Qh6 {[%emt 0:34:02]} Qf3 {[%emt 0:07:06]} 25. Rf1 {[%emt 0:03:20]} b4 {[%emt 0:17:24]} 26. Nd1 {[%emt 0:07:14]} Ne1 {[%emt 0:07:13]} 27. Ne3 {[%emt 0:00:42]} Rh5 {[%emt 0:00:05]} 28. Qg7 {[%emt 0:05:40]} Qg2+ {[%emt 0:00:10]} 0-1

[Event "Mitropa Online Cup Open 2021"]
[Site "Hybrid"]
[Date "2021.05.04"]
[Round "9.2"]
[White "Lodici, Lorenzo"]
[Black "Morgunov, Marc"]
[Result "1-0"]
[WhiteElo "2483"]
[BlackElo "2385"]
[Annotator "ChessBase"]
[PlyCount "101"]
[EventDate "2021.05.04"]
[EventType "team-tourn"]
[EventCountry "NET"]
[SourceTitle "playchess.com"]
[Source "ChessBase"]
[SourceQuality "1"]
[WhiteTeam "Italy"]
[BlackTeam "Austria"]
[WhiteTeamCountry "ITA"]
[BlackTeamCountry "AUT"]
[TimeControl "40/5400+30:1800+30"]

1. e4 {[%emt 0:00:00]} c5 {[%emt 0:00:21]} 2. Nc3 {[%emt 0:00:11]} d6 {[%emt 0:00:11]} 3. d4 {[%emt 0:00:04]} cxd4 {[%emt 0:00:08]} 4. Qxd4 {[%emt 0:00:05]} Nc6 {[%emt 0:00:09]} 5. Qd2 {[%emt 0:00:04]} g6 {[%emt 0:00:11]} 6. b3 {[%emt 0:00:04]} Bh6 {[%emt 0:00:15]} 7. f4 {[%emt 0:00:04]} Nf6 {[%emt 0:00:10]} 8. Bb2 {[%emt 0:00:12]} O-O {[%emt 0:00:20]} 9. O-O-O {[%emt 0:00:06]} a5 {[%emt 0:00:16]} 10. Kb1 {[%emt 0:03:49]} a4 {[%emt 0:14:56]} 11. bxa4 {[%emt 0:05:06]} Be6 {[%emt 0:13:17]} 12. Bb5 {[%emt 0:11:47]} Qa5 {[%emt 0:06:37]} 13. Nge2 {[%emt 0:05:09]} Rfc8 {[%emt 0:12:22]} 14. Nd5 {[%emt 0:07:45]} Bxd5 {[%emt 0:01:47]} 15. exd5 {[%emt 0:04:28]} Qxd2 {[%emt 0:01:15]} 16. Rxd2 {[%emt 0:00:04]} Ne4 {[%emt 0:00:21]} 17. Rdd1 {[%emt 0:00:44]} Nf2 {[%emt 0:01:00]} 18. dxc6 {[%emt 0:01:55]} bxc6 {[%emt 0:01:23]} 19. Bd3 {[%emt 0:00:04]} Rxa4 {[%emt 0:03:38]} 20. g3 {[%emt 0:00:52]} e5 {[%emt 0:19:41]} 21. Nc3 {[%emt 0:15:40]} Rb4 {[%emt 0:05:18]} 22. a3 {[%emt 0:02:38]} Rbb8 {[%emt 0:00:24]} 23. Ne4 {[%emt 0:09:00]} Nxh1 {[%emt 0:04:59]} 24. Rxh1 {[%emt 0:03:20]} Bg7 {[%emt 0:01:09]} 25. Kc1 {[%emt 0:05:50]} d5 {[%emt 0:01:43]} 26. Nc5 {[%emt 0:02:35]} Rxb2 {[%emt 0:03:48]} 27. Kxb2 {[%emt 0:00:07]} e4+ {[%emt 0:00:08]} 28. Ka2 {[%emt 0:01:04]} exd3 {[%emt 0:02:30]} 29. Nxd3 {[%emt 0:00:42]} Bf8 {[%emt 0:02:36]} 30. Rb1 {[%emt 0:00:39]} Ra8 {[%emt 0:01:20]} 31. Nb4 {[%emt 0:00:18]} Ra5 {[%emt 0:00:54]} 32. Rb3 {[%emt 0:02:26]} Bxb4 {[%emt 0:02:17]} 33. Rxb4 {[%emt 0:00:03]} Ra6 {[%emt 0:00:30]} 34. Rb7 {[%emt 0:00:47]} h5 {[%emt 0:00:28]} 35. Kb3 {[%emt 0:00:32]} Kg7 {[%emt 0:00:21]} 36. a4 {[%emt 0:00:04]} Kf6 {[%emt 0:00:44]} 37. Kb4 {[%emt 0:00:03]} Ke6 {[%emt 0:00:19]} 38. a5 {[%emt 0:00:04]} Ra8 {[%emt 0:00:02]} 39. Rb6 {[%emt 0:04:44]} Kd6 {[%emt 0:00:40]} 40. a6 {[%emt 0:00:00]} Ra7 {[%emt 0:00:00]} 41. Ka5 {[%emt 0:00:47]} Re7 {[%emt 0:13:25]} 42. Rb3 {[%emt 0:07:04]} d4 {[%emt 0:16:48]} 43. Kb6 {[%emt 0:02:16]} c5 {[%emt 0:02:09]} 44. a7 {[%emt 0:00:07]} Re8 {[%emt 0:00:05]} 45. Ra3 {[%emt 0:00:47]} c4 {[%emt 0:00:50]} 46. a8=Q {[%emt 0:00:07]} Rxa8 {[%emt 0:00:02]} 47. Rxa8 {[%emt 0:00:02]} Kd5 {[%emt 0:00:02]} 48. Rd8+ {[%emt 0:00:06]} Ke4 {[%emt 0:00:02]} 49. Kc5 {[%emt 0:00:03]} d3 {[%emt 0:00:02]} 50. cxd3+ {[%emt 0:00:03]} cxd3 {[%emt 0:00:02]} 51. Kc4 {[%emt 0:00:02]} 1-0